Top 9 Water Bottle Companies in the US - Statistics

General Stats
  • This quiz has been taken 65 times
  • The average score is 4 of 9
Answer Stats
Sales Company % Correct
$92 million Dasani
78%
$86 million Aquafina
67%
$25 million Fiji
62%
$56 million Glaceau Smartwater
45%
$90 million Nestle
38%
$58 million Poland Spring
38%
$41 million Deerpark
20%
$53 million Glaceau Vitamin Water
12%
$32 million Ozarka
12%
No matching quizzes found
Score Distribution
Percent of People with Each Score
Percentile by Number Answered
Your Score History
You have not taken this quiz